Римские поэты (Запись № 1792460)

Подробности
000 -МАРКЕР
контрольное поле 03454nam0a2200469 4500
001 - ИДЕНТИФИКАТОР ЗАПИСИ
контрольное поле RU\NLR\bibl\1508111
005 - ИДЕНТИФИКАТОР ВЕРСИИ
контрольное поле 20260406121126.0
010 ## - МЕЖДУНАРОДНЫЙ СТАНДАРТНЫЙ НОМЕР КНИГИ (ISBN)
Номер (ISBN) 978-5-4224-0022-5
021 ## - НОМЕР ГОСУДАРСТВЕННОЙ РЕГИСТРАЦИИ
Код страны Российская Федерация
Номер 2010-20512
Номер Листа государственной регистраци 1384
035 ## - ДРУГИЕ СИСТЕМНЫЕ НОМЕРА
Идентификатор записи (nilc)RSL-KNO-004619959
035 ## - ДРУГИЕ СИСТЕМНЫЕ НОМЕРА
Идентификатор записи (NLR Aleph) 001499522
100 ## - ДАННЫЕ ОБЩЕЙ ОБРАБОТКИ
Данные общей обработки 20100323d2010 |||y0rusy50 ca
101 1# - ЯЗЫК РЕСУРСА
Язык текста, звукозаписи и т.д. русский
Язык оригинала латинский
102 ## - СТРАНА ПУБЛИКАЦИИ ИЛИ ПРОИЗВОДСТВА
Страна публикации Российская Федерация
105 ## - ПОЛЕ КОДИРОВАННЫХ ДАННЫХ: ТЕКСТОВЫЕ МАТЕРИАЛЫ, МОНОГРАФИЧЕСКИЕ
Кодированные данные о монографическом текстовом документе y zzzz|||||
200 1# - ЗАГЛАВИЕ И СВЕДЕНИЯ ОБ ОТВЕТСТВЕННОСТИ
Основное заглавие Римские поэты
Сведения, относящиеся к заглавию сборник произведений
Первые сведения об ответственности [сост. Н. Саркитов, Е. Кузнец
Последующие сведения об ответственности отв. ред. Е. Кузнец
-- пер. с лат. А. Фета, Н. Шатерникова
-- вступ. ст., коммент., указ., словарь Е. Кузнеца]
210 ## - ПУБЛИКАЦИЯ, РАСПРОСТРАНЕНИЕ И ДР.
Место издания, распространения и т.д. Москва
Имя издателя, распространителя и т. д. Книжный Клуб Книговек
Дата издания, распространения и т.д. 2010
215 ## - ФИЗИЧЕСКАЯ ХАРАКТЕРИСТИКА
Специфическое обозначение материала и объем 414, [1] с.
Размеры 21
225 1# - СЕРИЯ
Основное заглавие серии Библиотека античной литературы
Наименование части Рим
300 ## - ОБЩИЕ ПРИМЕЧАНИЯ
Текст примечания Содерж.: авт.: Ювенал, Персий, Марциал
311 ## - ПРИМЕЧАНИЯ, ОТНОСЯЩИЕСЯ К ПОЛЯМ СВЯЗИ (ПРИМЕЧАНИЯ О СВЯЗИ С ДРУГИМИ ПРОИЗВЕДЕНИЯМИ (ИЗДАНИЯМИ))
Текст примечания Литературное приложение Огонек
320 ## - ПРИМЕЧАНИЯ О НАЛИЧИИ В ДОКУМЕНТЕ БИБЛИОГРАФИИ / УКАЗАТЕЛЯ
Текст примечания Указ. имен: с. 388-401
422 #0 - ИЗДАНИЕ, К КОТОРОМУ ОТНОСИТСЯ ПРИЛОЖЕНИЕ
Встроенное поле 2001#$aОгонек
Заглавие Огонек
600 #0 - ИМЯ ЛИЦА КАК ПРЕДМЕТ
Начальный элемент ввода Фет
Часть имени, кроме начального элемента ввода А. А.
Даты 1820-1892
Расширение инициалов личного имени Афанасий Афанасьевич
Код системы nav
606 1# - НАИМЕНОВАНИЕ ТЕМЫ КАК ПРЕДМЕТ
Наименование темы Поэзия римская
Системный номер авторитетной/нормативной записи 2037274
Идентификатор авторитетной/нормативной записи RU\NLR\auth\66938953
610 0# - НЕКОНТРОЛИРУЕМЫЕ ПРЕДМЕТНЫЕ ТЕРМИНЫ
Предметный термин Филологические науки. Художественная литература -- Мировая литература -- Литература древнего мира -- Римская литература -- Римская литература периода империи (1 в. до н.э. - 5 в. н.э.) -- Римская литература 1 - 5 вв. н.э. -- Произведения античной литературы -- Поэзия -- Сборники разных авторов
610 0# - НЕКОНТРОЛИРУЕМЫЕ ПРЕДМЕТНЫЕ ТЕРМИНЫ
Предметный термин Филологические науки. Художественная литература -- Россия -- Русская литература -- 2-я пол. 19 в. (до сер. 90-х гг.) -- Произведения художественной литературы -- Поэзия -- Поэтические переводы -- Фет Афанасий Афанасьевич (1820-1892) - переводчик
610 0# - НЕКОНТРОЛИРУЕМЫЕ ПРЕДМЕТНЫЕ ТЕРМИНЫ
Предметный термин Филологические науки. Художественная литература -- Россия -- Русская литература -- кон. 19 - нач. 20 в. (2-ая пол. 90-х гг. 19 в. - 1917 г.) -- Произведения художественной литературы -- Поэзия -- Поэтические переводы -- Шатерников Николай Иванович (р.1871) - переводчик
686 ## - ИНДЕКСЫ ДРУГИХ КЛАССИФИКАЦИЙ
Индекс Ш5(0)353.2-6,5я43
Код системы
686 ## - ИНДЕКСЫ ДРУГИХ КЛАССИФИКАЦИЙ
Индекс Ш5(2=Р)52-657Фет А.А.
Код системы
686 ## - ИНДЕКСЫ ДРУГИХ КЛАССИФИКАЦИЙ
Индекс Ш5(2=Р)53-657Шатерников Н.И.
Код системы
686 ## - ИНДЕКСЫ ДРУГИХ КЛАССИФИКАЦИЙ
Индекс Ш5(0)35-335
702 #1 - ИМЯ ЛИЦА - ВТОРИЧНАЯ ОТВЕТСТВЕННОСТЬ
Код отношения Составитель
Материалы, к которым относится поле rus
Графика поля Кириллица
Начальный элемент ввода Саркитов
Часть имени, кроме начального элемента ввода Н. Д.
Расширение инициалов личного имени Николай Даутович
Идентификатор авторитетной/нормативной записи RU\NLR\auth\7783695
Системный номер авторитетной/нормативной записи 66623
702 #1 - ИМЯ ЛИЦА - ВТОРИЧНАЯ ОТВЕТСТВЕННОСТЬ
Начальный элемент ввода Кузнец
Часть имени, кроме начального элемента ввода Е.
Код отношения Редактор
702 #1 - ИМЯ ЛИЦА - ВТОРИЧНАЯ ОТВЕТСТВЕННОСТЬ
Код отношения Переводчик
Материалы, к которым относится поле rus
Графика поля Кириллица
Начальный элемент ввода Фет
Часть имени, кроме начального элемента ввода А. А.
Даты 1820-1892
Расширение инициалов личного имени Афанасий Афанасьевич
Идентификатор авторитетной/нормативной записи RU\NLR\auth\77505
Системный номер авторитетной/нормативной записи 110554
801 #0 - ИСТОЧНИК ЗАПИСИ
Страна Российская Федерация
Организация РГБ
Дата составления 20100323
Правила каталогизации rcr
801 #1 - ИСТОЧНИК ЗАПИСИ
Страна Российская Федерация
Организация РГБ
Дата составления 20100323
801 #2 - ИСТОЧНИК ЗАПИСИ
Страна Российская Федерация
Организация NLR
Дата составления 20100506
Правила каталогизации rcr
942 ## - ДОПОЛНИТЕЛЬНЫЕ ЭЛЕМЕНТЫ ЗАПИСИ (АБИС)
Тип экземпляра АБИС Книга
980 ## - КОЛЛЕКЦИЯ
Название коллекции Национальная библиография
Экземпляры
Тип экземпляра Дата поступления Источник поступления Библиотека постоянного хранения Библиотека текущего хранения Место хранения Шифр хранения Штрих-код Статус экземпляра Стоимость
Книга 06.05.2010 Обязательный экземпляр РНБ (Московский) РНБ (Московский) Русский книжный фонд: издания с 1957 года 2010-3/15337 1-2682361    
Книга 06.05.2010 Обязательный экземпляр РНБ (Московский) РНБ (Московский) Русский книжный фонд: издания с 1957 года 2010-3/15337 3166531    
Книга 14.09.2010 Покупка РНБ (Московский) РНБ (Московский) Фонд общего зала литературы по филологии, педагогике и искусству (гуманитарной литературы) Л1 Ш6(0)35/Р-515 1-389053   424.00